UBT Library

CLINICAL PRIMER RHEUMATOLOGY (Record no. 7461)

000 -LEADER
fixed length control field 00305nam a22001337a 4500
008 - FIXED-LENGTH DATA ELEMENTS--GENERAL INFORMATION
fixed length control field 170310b xxu||||| |||| 00| 0 eng d
020 ## - INTERNATIONAL STANDARD BOOK NUMBER
International Standard Book Number 9780683306484
041 ## - LANGUAGE CODE
Language code of text/sound track or separate title eng
080 ## - UNIVERSAL DECIMAL CLASSIFICATION NUMBER
Universal Decimal Classification number 616 002.77
100 ## - Rafti
Rafti 7
101 ## - Shkurtesa
Shkurtesa SHM
245 ## - TITLE STATEMENT
Title CLINICAL PRIMER RHEUMATOLOGY
Statement of responsibility, etc KOOPMAN.W.J
942 ## - ADDED ENTRY ELEMENTS (KOHA)
Source of classification or shelving scheme
Item type Books
Holdings
Withdrawn status Lost status Source of classification or shelving scheme Damaged status Not for loan Collection code Permanent location Current location Shelving location Date acquired Total Checkouts Full call number Barcode Date last seen Price effective from Koha item type
          Koleksioni i përgjithshem UBT - Lipjan UBT - Lipjan Koleksioni i përgjithshem 03/10/2017   616 002 .77 002-032965 03/10/2017 03/10/2017 Books
          Koleksioni i përgjithshem UBT - Lipjan UBT - Lipjan Koleksioni i përgjithshem 03/10/2017   616 002.77 002-032955 03/10/2017 03/10/2017 Books
UBT Library © 2015-2024. All rights reserved University Education for Business and Technology